banner-ar

الحرب التى قسمت العالم : (Record no. 61676)

MARC details
000 -الفاتح
حقل البيانات ثابتة الطول 01127nam a22002177a 4500
005 - وقت وتاريخ اخر تعامل مع التسجيلة
رقم الضبط 20240530110511.0
008 - عناصر البيانات ثابتة الطول - معلومات عامة
حقل البيانات ثابتة الطول 151102s2012 ua abo g b 000 0 ara d
040 ## - مصدر الفهرسة
وكالة الفهرسة الأصلية EG-CaGPL
082 04 - رقم تصنيف ديوى العشرى
رقم الطبعة 21
رقم التصنيف 327.11\
رقم المادة م ح
110 0# - المدخل الرئيسى - إسم هيئة
اسم الهيئة أو اسم السلطة كمدخل مركز الرؤيا للبحوث و الدراسات الاستراتيجية هشام ال قطيط
245 12 - بيان العنوان
العنوان الحرب التى قسمت العالم :
بقية العنوان كشف مخططات و مشاريع ( اللعبة الشيطانية ) الصهيواميركية بالوثائق و الارقام /
بيان المسئوليه,etc اعداد و توثيق مركز الرؤيا للبحوث و الدراسات الاستراتيجية هشام ال قطيط ؛ قدم له حسن يعقوب
260 ## - PUBLICATION, DISTRIBUTION, ETC. (IMPRINT)
تاريخ النشر أو التوزيع 2012 .
300 ## - الوصف المادى
التعداد 392 ص :
تفاصيل ماديه اخرى للوعاء صور ، خرائط ؛
أبعاد الوعاء 20 سم .
504 ## - تبصرة ببليوجرافية
تبصرة ببليوجرافية,الخ يشتمل على ارجاعات ببليوجرافية
650 04 - المدخل الاضافى بالموضوع-مصطلح موضوعى
مصطلح موضوعي المنازعات الدولية
650 04 - المدخل الاضافى بالموضوع-مصطلح موضوعى
مصطلح موضوعي الصهيونية
650 04 - المدخل الاضافى بالموضوع-مصطلح موضوعى
مصطلح موضوعي الفساد السياسى
650 04 - المدخل الاضافى بالموضوع-مصطلح موضوعى
مصطلح موضوعي استغلال السلطة
942 ## - عناصر المدخل الإضافي( كوها)
مصدر التصنيف او مخطط الترفيف Dewey Decimal Classification
Koha [default] item type كتاب
260 ## - PUBLICATION, DISTRIBUTION, ETC. (IMPRINT)
-- القاهرة :
-- مركز الرؤيا ؛
Holdings
حالة التراجع حالة الفقد حالة تلف ليس للاعارة المكان المؤقت الموقع الحالى تاريخ الاكتساب اجمالي اﻻعارات رقم الطلب الباركود تاريخ اخر مشاهدة تاريخ تفعيل السعر نوع وعاء كوها
        مكتبة القاهرة الكبرى مكتبة القاهرة الكبرى 11/02/2015   327.11\ م ح 161023 11/02/2015 11/02/2015 كتاب

Powered By

EGPV